00641nam a2200169Ia 4500008004100000020001800041041000800059082001600067100003300083245011800116250000600234260004100240300001300281650002200294999001900316952013600335210716s2011 xx 000 0 und d a9788126518395 aeng a004.65 SEIR aSeifert, Rich; Edwards, Jim. aAll new switch book: the complete guide to lan switching technology.bComplete guide to lan switching technology. a1 aNew DelhibWiley India Pvt Ltdc2011 axxxi,784 aComputer Networks c192984d192984 001040708MCAaAIMITbAIMITeHigginbothams Pvt Ltdg549.00l0o004.65 SEIRpMCA12492r2025-07-21 00:00:00v411.75w2021-07-16yBK